000 00265 a2200121 4500
001 119443
020 _a9788532283139
040 _cEscola Canadense de Niteroi
100 _aAlencar, José
245 1 0 _aDiva
650 4 _aLiteratura Infanto Juvenil
942 _cBK
999 _c119443
_d119443